000
00223nam a2200097Ia 4500
008
190216s9999||||xx |||||||||||||| ||und||
100
_a
Shankara Menon K P
245
0
_a
Aikya Rashtra Sangadana
260
_b
Null
942
_c
BK
999
_c
34748
_d
34748